| 000 | 00664nam a22002177a 4500 | ||
|---|---|---|---|
| 999 |
_c12465 _d12465 |
||
| 003 | AR-CdUCM | ||
| 008 | 190409b ||||| |||| 00| 0 spa d | ||
| 040 |
_aMUNICIPALIDAD PROVINCIAL DEL CUSCO _cBIBLIOTECA MUNICIPAL DEL CUSCO |
||
| 082 |
_a868.8 / _bQ73 / 1902 |
||
| 100 |
_aQuiroz, Eca _930318 |
||
| 245 | _aLa ciudad y las sierras / | ||
| 260 | _c1902. | ||
| 300 |
_a347 páginas ; _c18 cm. |
||
| 500 | _aAl texto le falta tapa y contra tapa. | ||
| 505 | _aContenido : La ciudad y las sierras -- Narrativa ... | ||
| 650 |
_aLiteratura _983 |
||
| 650 |
_aNarrativa _967 |
||
| 650 |
_aPortuguesa _930319 |
||
| 942 |
_2ddc _cLIBROS |
||
| 945 |
_arah _d09/04/2019 |
||